Hrubý domáci produkt a kvalita života

Hrubý domáci produkt (HDP) je peňažným vyjadrením trhovej hodnoty tovarov a služieb vyprodukovaných v istom regióne za istú dobu. Súhrnný ukazovateľ ekonomickej sily jednotlivých štátov, respektíve zoskupení.

Gespeichert in:
Bibliographische Detailangaben
1. Verfasser: Vlachynský, Karol
Format: Buchkapitel
Sprache:Slowakisch
Schlagworte:
Tags: Tag hinzufügen
Keine Tags, Fügen Sie das erste Tag hinzu!

MARC

LEADER 00000naa$a2200000$$$4500
001 0181146
005 20240221083338.7
041 0 |a slo 
044 |a SK 
245 1 0 |a Hrubý domáci produkt a kvalita života  |c Karol Vlachynský 
520 |a Hrubý domáci produkt (HDP) je peňažným vyjadrením trhovej hodnoty tovarov a služieb vyprodukovaných v istom regióne za istú dobu. Súhrnný ukazovateľ ekonomickej sily jednotlivých štátov, respektíve zoskupení. 
610 2 0 |a produkt domáci hrubý 
610 2 0 |a aktivita hospodárska 
610 2 0 |a porovnanie medzinárodné 
610 2 0 |a index rozvoja ľudského 
610 2 0 |a kvalita života 
100 1 |a Vlachynský, Karol